000 00637nam a2200181Ia 4500
008 100920s9999 xx 000 0 und d
082 _b64751
_a891.464 थ 94
100 _aखाडिलकर नीलकंठ.
245 _aअग्रलेखांचा बादशहा.
260 _bशलाका प्रकाशन, मुंबई 58.
_c1994
300 _a166
_bसाधी
365 _b80
520 _aनिबंध.
630 _aअग्रलेखांचा बादशहा.
650 _aनिबंध.
730 _aअग्रलेखांचा बादशहा.
942 _cBOOK
999 _c707742
_d707739